La Literatura jurídica sueca / (Record no. 59186)

MARC details
000 -LEADER
campo de control de longitud fija 00561nam a2200169 i 4500
001 - NÚMERO DE CONTROL
campo de control 59186
003 - IDENTIFICADOR DE NÚMERO DE CONTROL
campo de control ES-MaACL
005 - FECHA Y HORA DE LA ÚLTIMA TRANSACCIÓN
campo de control 20230906164001.0
007 - CAMPO FIJO DE DESCRIPCIÓN FÍSICA--INFORMACIÓN GENERAL
campo de control de longitud fija t|
008 - DATOS DE LONGITUD FIJA--INFORMACIÓN GENERAL
campo de control de longitud fija 031027s1947 sp ||||1| spa d
100 1# - ENTRADA PRINCIPAL--NOMBRE DE PERSONA
Nombre de persona Elías de Tejada, Francisco.
9 (RLIN) 46976
245 13 - MENCIÓN DEL TÍTULO
Título La Literatura jurídica sueca /
Mención de responsabilidad, etc. Francisco Elías de Tejada Spínola.
260 ## - PUBLICACIÓN, DISTRIBUCIÓN, ETC.
Lugar de publicación, distribución, etc. Madrid :
Nombre del editor, distribuidor, etc. [s.n.,
Fecha de publicación, distribución, etc. 1947] (
Fabricante Imp. Viuda Galo Sèz)
300 ## - DESCRIPCIÓN FÍSICA
Extensión 30 p. ;
Dimensiones 18 cm.
500 ## - NOTA GENERAL
Nota general Es separata de la Revista de Derecho Privado, nº 361, Madrid, 1947.
852 ## - LOCALIZACIÓN
Ubicación ES-MaACL
Número de control de estantería 1868-F-16
Sublocalización o colección R.23923
Holdings
Estatus retirado Estado de pérdida Estado de daño No para préstamo Colección Biblioteca de origen Biblioteca actual Ubicación en estantería Fecha de adquisición Fuente de adquisición Total de préstamos Signatura topográfica completa Código de barras Visto por última vez Precio de reemplazo Tipo de ítem Koha
        Colección de folletos Biblioteca del Ateneo de Madrid Biblioteca del Ateneo de Madrid Depósito folletos 17/01/2008     1868-F-16 1062086 23/02/2023 23/02/2023 Folleto